|
|
|
|
| LEADER |
00000nam a2200000 a 4500 |
| 001 |
vtls008855178 |
| 003 |
SK-MaSNL |
| 005 |
20260302004735.0 |
| 008 |
251031s2006 xo g 000 f cze |
| 015 |
|
|
|a SNBA2006/09-04801
|
| 020 |
|
|
|a 808917941X
|q (viaz.)
|
| 035 |
|
|
|a E361B5B9-0E00-4387-AD17-6EE108642938
|
| 035 |
|
|
|a urn:nbn:sk:snk-amlcm6
|
| 035 |
|
|
|a urn:nbn:sk:snk-am0091fm
|
| 040 |
|
|
|a SNK
|b slo
|c SNK
|e AACR2
|
| 041 |
1 |
|
|a cze
|h slo
|
| 044 |
|
|
|a xo
|c SK
|
| 072 |
|
7 |
|a 821.162.4-3
|x Slovenská próza
|2 konspekt
|
| 080 |
|
|
|a 821.162.4-31
|2 2001
|
| 100 |
1 |
|
|a Keleová-Vasilková, Táňa,
|d 1964-
|4 aut
|9 98737
|
| 240 |
1 |
0 |
|a Kvety pre Lauru
|l Česky
|
| 245 |
1 |
0 |
|a Květiny pro Lauru
|c Táňa Keleová-Vasilková ; [ze slovenského originálu přeložila Eva Macháčková]
|
| 250 |
|
|
|a 1. vyd.
|
| 260 |
|
|
|a Bratislava
|b Noxi
|c 2006
|
| 300 |
|
|
|a 318 s.
|c 20 cm
|
| 655 |
|
7 |
|a slovenské romány
|2 SNKPH
|9 70324
|
| 700 |
1 |
|
|a Macháčková, Eva
|4 trl
|9 317237
|
| 919 |
|
|
|a 80-89179-41-X
|
| 958 |
|
|
|a OND
|
| 968 |
|
|
|a ČES
|b SLO
|d 821
|
| 999 |
|
|
|c 997019
|d 998949
|
| 952 |
|
|
|a SNK
|b SNK
|y PREZ
|7 0
|p 17A0526756
|o snkSC 125132
|i snk2006/20917
|8 0
|0 0
|1 0
|4 0
|d 2006-10-16
|f 1
|l 0
|r 2025-06-09 00:00:00
|w 2026-02-24
|
| 952 |
|
|
|a SNK
|b SNK
|y PREZ
|7 0
|p 17A0526192
|o snkSC 125132 D1
|i snk2006/20918
|8 0
|0 0
|1 0
|4 0
|d 2006-10-16
|l 0
|r 2026-02-24 12:07:13
|w 2026-02-24
|